| 000 | 01382nam a2200289 i 4500 | ||
|---|---|---|---|
| 001 | 15787 | ||
| 003 | DO-SdUEMH | ||
| 005 | 20260203212035.0 | ||
| 007 | ta | ||
| 008 | 211105s2003||||dr a|||gr|||| 0|| | spa d | ||
| 040 |
_aDO-SdUEMH _bspa _erda |
||
| 041 | _aspa | ||
| 082 | 1 | 4 |
_aRD 363.72 R426N _mRD |
| 084 | _b08-00469 | ||
| 110 | _aRepública Dominicana: Secretaría de Estado de Medio Ambiente y Recursos Naturales | ||
| 245 | 0 | _aNorma para la Gestión Ambiental de Desechos Radiactivos | |
| 260 | _c2003 | ||
| 264 | 1 |
_aSanto Domingo, República Dominicana : _bBúho, _c2003 |
|
| 264 | 4 | _c©2003 | |
| 300 |
_a62 páginas : _bilustraciones ; _c21 cm. |
||
| 336 |
_2rdacontent _atexto _btxt |
||
| 337 |
_2rdamedia _asin mediación _bn |
||
| 338 |
_2rdacarrier _avolumen _bnc |
||
| 505 | 2 | _aCapítulo 1: Objetivos y alcance -- Capítulo 2: Normas de referencia -- Capítulo 3: Definiciones -- Capítulo 4: Entidades reguladoras y funciones -- Capítulo 5: Principios -- Capítulo 6: De las licencias y responsabilidades -- Capítulo 7: Responsabilidades de los operadores de instalaciones -- Capítulo 8: Clasificación de los desechos radiactivos -- Capítulo 9: Requisitos de gestión de desechos radiactivos -- Capítulo 10: De las inspecciones -- Capítulo 11: De las sanciones administrativas -- Capítulo 12: Disposiciones finales. | |
| 942 |
_2ddc _cBK _n0 |
||
| 999 |
_c15787 _d15787 |
||